Advanced Macroeconomics (Registro nro. 4260)

Detalles MARC
000 -LEADER
fixed length control field 01056 a2200229 4500
001 - CONTROL NUMBER
control field 46971
005 - DATE AND TIME OF LATEST TRANSACTION
control field 20260407155739.0
008 - FIXED-LENGTH DATA ELEMENTS--GENERAL INFORMATION
fixed length control field 260407a2001 arg spa d
003 - CONTROL NUMBER IDENTIFIER
control field AR-UNSa-BCEJYS
040 ## - CATALOGING SOURCE
Original cataloging agency AR-UNSa-BCEJYS
Language of cataloging spa
Transcribing agency AR-UNSa-BCEJYS
080 ## - UNIVERSAL DECIMAL CLASSIFICATION NUMBER
Universal Decimal Classification number 330.101.541
Common auxiliary subdivision Macroeconomía
020 ## - INTERNATIONAL STANDARD BOOK NUMBER
International Standard Book Number 978-0-07-231855-5
100 1# - MAIN ENTRY--PERSONAL NAME
Personal name Romer, David
245 10 - TITLE STATEMENT
Title Advanced Macroeconomics
250 ## - EDITION STATEMENT
Edition statement 2a. ed.
264 #1 - PRODUCTION, PUBLICATION, DISTRIBUTION, MANUFACTURE, AND COPYRIGHT NOTICE
Place of production, publication, distribution, manufacture Boston :
Name of producer, publisher, distributor, manufacturer Mc Graw-Hill
Date of production, publication, distribution, manufacture, or copyright notice 2001
300 ## - PHYSICAL DESCRIPTION
Extent 651 p.
Dimensions 24 cm.
505 ## - FORMATTED CONTENTS NOTE
Formatted contents note 1. The Solow growth model - 2. Infinite-Horizon and overlapping-Generations models - 3. New growth theory - 4. Real-business-cycle theory - 5. Traditional Keynesian theories of fluctuations - 6. Microeconomic foundations of incomplete nominal adjustment - 7. Consumption - 8. Investment - 9. Unemployment - 10. Inflation and monetary policy - 11. Budget deficits and fiscal policy.
590 ## - LOCAL NOTE (RLIN)
Local note niveau_biblio:m niveau_hierar:0
856 41 - ELECTRONIC LOCATION AND ACCESS
Uniform Resource Identifier <a href="https://www.biblioeco.unsa.edu.ar/pmb/images/libros/L127360.jpg">https://www.biblioeco.unsa.edu.ar/pmb/images/libros/L127360.jpg</a>
Link text Imagen de portada
Electronic format type image/jpeg
942 ## - ADDED ENTRY ELEMENTS (KOHA)
Koha item type
Existencias
Withdrawn status Lost status Damaged status Not for loan Home library Current library Shelving location Date acquired Total checkouts Full call number Barcode Date last seen Price effective from Koha item type
        Biblioteca Prof. Eusebio Cleto del Rey Biblioteca Prof. Eusebio Cleto del Rey   07/04/2026   330.101.541 R763a 2ed. L127360 07/04/2026 07/04/2026 Libro